| 000 | 01700nam a2200337 i 4500 | ||
|---|---|---|---|
| 005 | 20220317001329.0 | ||
| 007 | ta | ||
| 008 | 210828s20142019ck a er 000 0dspa d | ||
| 020 | _a9789586487894 | ||
| 040 |
_aCO-BoRNBP _bspa _erda _cCO-BoRNBP |
||
| 041 | 0 | _aspa | |
| 043 | _as-ck--- | ||
| 082 | 0 | 4 |
_a333.7 _bA82g _223 |
| 100 | 1 |
_aAvellaneda, Alfonso _eautor |
|
| 245 | 1 | 0 |
_aGestión ambiental y planificación del desarrollo _cAlfonso Avellaneda Cusaría |
| 250 |
_aTercera edición _bReimpresión |
||
| 264 | 1 |
_aBogotá _bEcoe Ediciones _c2014 _c2019 |
|
| 300 |
_a363 páginas _bilustraciones _c24 cm |
||
| 336 |
_atexto _btxt _2rdacontent |
||
| 337 |
_asin mediación _bn _2rdamedia |
||
| 338 |
_avolumen _bnc _2rdacarrier |
||
| 490 | 0 |
_aCiencias naturales _pEcología y medio ambiente |
|
| 504 | _aIncluye bibliografía al final de cada capítulo | ||
| 520 | _aEn la Tercera Edición de este texto se amplía el análisis de los procesos que están dando lugar al surgimiento del sujeto ambiental como actor político, teniendo como referentes la Minga indígena, la movilización social por la defensa del Páramo de Santurban contra la minería de oro; las movilizaciones campesinas y populares contra la represa del Quimbo, que afecta gravemente el río Magdalena, la resistencia contra la minería de oro en Cajamarca y el triunfo de la movilización local contra la Planta de Ecopetrol en Villa de Leyva. | ||
| 521 | _aRecomendado para un público adulto | ||
| 545 | _aIncluye datos biográficos del autor al final del texto | ||
| 650 | 1 | 7 |
_aEconomía y medio ambiente _2ARMARC |
| 650 | 1 | 7 |
_aDesarrollo sostenible _2ARMARC |
| 650 | 1 | 7 |
_aDesarrollo económico _2ARMARC |
| 942 |
_2ddc _cBK |
||
| 999 |
_c6640 _d6640 |
||